Reducing conveyance losses from water channels / (Record no. 3576)

000 -LEADER
fixed length control field 01449cam a22003614a 4500
001 - CONTROL NUMBER
control field 14241692
003 - CONTROL NUMBER IDENTIFIER
control field OSt
005 - DATE AND TIME OF LATEST TRANSACTION
control field 20170105101220.0
008 - FIXED-LENGTH DATA ELEMENTS--GENERAL INFORMATION
fixed length control field 060126s2004 pk a b 000 0deng
010 ## - LIBRARY OF CONGRESS CONTROL NUMBER
LC control number 2006334009
020 ## - INTERNATIONAL STANDARD BOOK NUMBER
International Standard Book Number 969846915X
040 ## - CATALOGING SOURCE
Original cataloging agency DLC
Transcribing agency DLC
Modifying agency DLC
042 ## - AUTHENTICATION CODE
Authentication code lcode
043 ## - GEOGRAPHIC AREA CODE
Geographic area code a-pk---
050 00 - LIBRARY OF CONGRESS CALL NUMBER
Classification number TD495
Item number .K34 2004
100 1# - MAIN ENTRY--PERSONAL NAME
Personal name Kahlown, Muhammad Akram.
245 10 - TITLE STATEMENT
Title Reducing conveyance losses from water channels /
Statement of responsibility, etc. Muhammad Akram Kahlown, W. Doral Kemper.
250 ## - EDITION STATEMENT
Edition statement 1st ed.
260 ## - PUBLICATION, DISTRIBUTION, ETC.
Place of publication, distribution, etc. Islamabad:
Name of publisher, distributor, etc. Pakistan Council of Research in Water Resources, Ministry of Science & Technology,
Date of publication, distribution, etc. 2004.
300 ## - PHYSICAL DESCRIPTION
Extent 1 v. (various pagings) :
Other physical details col. ill. ;
Dimensions 24 cm.
504 ## - BIBLIOGRAPHY, ETC. NOTE
Bibliography, etc. note Includes bibliographical references.
650 #0 - SUBJECT ADDED ENTRY--TOPICAL TERM
Topical term or geographic name entry element Channels (Hydraulic engineering)
General subdivision Protection
Geographic subdivision Pakistan .
650 #0 - SUBJECT ADDED ENTRY--TOPICAL TERM
Topical term or geographic name entry element Irrigation canals and flumes
General subdivision Protection
Geographic subdivision Pakistan.
650 #0 - SUBJECT ADDED ENTRY--TOPICAL TERM
Topical term or geographic name entry element Seepage
Geographic subdivision Pakistan
General subdivision Measurement.
650 #0 - SUBJECT ADDED ENTRY--TOPICAL TERM
Topical term or geographic name entry element Loss control.
650 #0 - SUBJECT ADDED ENTRY--TOPICAL TERM
Topical term or geographic name entry element Water leakage
Geographic subdivision Pakistan
General subdivision Prevention.
650 #0 - SUBJECT ADDED ENTRY--TOPICAL TERM
Topical term or geographic name entry element Water
Geographic subdivision Pakistan
General subdivision Distribution
-- Management.
700 1# - ADDED ENTRY--PERSONAL NAME
Personal name Kemper, William Doral,
Dates associated with a name 1928-
856 41 - ELECTRONIC LOCATION AND ACCESS
Materials specified Table of contents only
Uniform Resource Identifier <a href="http://www.loc.gov/catdir/toc/fy0713/2006334009.html">http://www.loc.gov/catdir/toc/fy0713/2006334009.html</a>
906 ## - LOCAL DATA ELEMENT F, LDF (RLIN)
a 7
b cbc
c origode
d 3
e ncip
f 20
g y-gencatlg
942 ## - ADDED ENTRY ELEMENTS (KOHA)
Source of classification or shelving scheme
Koha item type Book
Holdings
Withdrawn status Lost status Source of classification or shelving scheme Damaged status Not for loan Collection code Permanent Location Current Location Shelving location Date acquired Total Checkouts Full call number Barcode Date last seen Price effective from Koha item type
            Central Library (CL) Central Library (CL) General Stacks 08/05/2016   333.910095 KAH S3H-N-1015 08/05/2016 08/05/2016 Book
© 2023 Central Library, National University of Sciences and Technology. All Rights Reserved.